| 000 | 00962nam a22003137a 4500 | ||
|---|---|---|---|
| 001 | 00587 | ||
| 003 | DO-SdBPM | ||
| 005 | 20250723131905.0 | ||
| 007 | ta | ||
| 008 | 160623b 2009 sp |||| 00| 0 spa d | ||
| 020 | _a9788420474779 | ||
| 040 |
_aDO-SdBPM _bspa _cBPMSU _erda |
||
| 082 | 4 |
_a813.5 _bP348v 2009 _222 |
|
| 092 |
_a _b |
||
| 100 | 1 |
_aPaz Soldán, Edmundo, _d1997- _eautor |
|
| 245 | 1 | 4 |
_aLos vivos y los muertos / _cEdmundo Paz Soldán. |
| 264 |
_aMadrid : _bAlfaguara, _c2009. |
||
| 300 |
_a206 páginas ; _c24 cm. |
||
| 336 |
_atexto _btxt _2rdacontent |
||
| 337 |
_asin mediación _bnc _2rdamedia |
||
| 338 |
_avolumen _bnc _2rdacarrier |
||
| 500 | _aIncluye datos biográficos del autor en la solapa de la cubierta | ||
| 590 | _aInventariado, 2025/VM | ||
| 650 | 7 | _aNovela juvenil estadounidense | |
| 650 | 7 |
_aFantasmas _vNovela. |
|
| 650 | 7 |
_aOrfanatos _vNovela. |
|
| 910 | _aVMateo V. Control de calidad. BPMSU | ||
| 942 |
_2ddc _cBK |
||
| 999 |
_c10549 _d10549 |
||